000 00460nam a2200193Ia 4500
005 20140404083913.0
008 140130s9999 xx 000 0 und d
020 _a043908363x
050 _aPZ 7
_b.P52112Re 2002
100 _aPhilbrick, Rodman
245 _cRodman Philbrick.
_aREM World
260 _bScholastic,
_c2002.
_aUSA :
300 _a192 p. :
_c19 cm.
440 _v1
521 _aG5
526 _c700
942 _cBK
_2lcc
999 _c41007
_d41007